Statistics for Five Biggest Countries by Continent with Exceptions

Click here to take the quiz!

General Stats

  • This quiz has been taken 343 times
  • The average score is 20 of 30

Answer Stats

Continent Country % Correct
EuropeFrance
86%
OceaniaNew Zealand
84%
EuropeSpain
84%
EuropeGermany
83%
OceaniaFiji
81%
South AmericaParaguay
80%
South AmericaChile
80%
OceaniaPapua New Guinea
80%
North AmericaCuba
78%
South AmericaEcuador
76%
South AmericaVenezuela
75%
OceaniaSolomon Islands
74%
EuropeUkraine
74%
North AmericaGuatemala
73%
North AmericaHonduras
73%
EuropeSweden
73%
North AmericaNicaragua
72%
South AmericaGuyana
70%
North AmericaPanama
67%
AfricaNigeria
63%
OceaniaSamoa
57%
AsiaPakistan
54%
AsiaTurkey
50%
AfricaTanzania
50%
AsiaAfghanistan
48%
AfricaNamibia
41%
AfricaMozambique
39%
AfricaZambia
38%
AsiaMyanmar
36%
AsiaYemen
32%

Score Distribution

Percentile by Number Answered

Percent of People with Each Score

Your Score History

You have not taken this quiz